Cheshire, Fifoot and Furmston's law of contract / (Record no. 25583)
[ view plain ]
| 000 -LEADER | |
|---|---|
| fixed length control field | 01974cam a22003495a 4500 |
| 001 - CONTROL NUMBER | |
| control field | 19474338 |
| 005 - DATE AND TIME OF LATEST TRANSACTION | |
| control field | 20171114155803.0 |
| 008 - FIXED-LENGTH DATA ELEMENTS--GENERAL INFORMATION | |
| fixed length control field | 170201t2017 enk frb 001 0 eng d |
| 010 ## - LIBRARY OF CONGRESS CONTROL NUMBER | |
| LC control number | 2017932607 |
| 020 ## - INTERNATIONAL STANDARD BOOK NUMBER | |
| International Standard Book Number | 9780198747383 (pbk) |
| 040 ## - CATALOGING SOURCE | |
| Original cataloging agency | DLC |
| Language of cataloging | eng |
| Transcribing agency | DLC |
| Modifying agency | EG-ScBUE |
| 043 ## - GEOGRAPHIC AREA CODE | |
| Geographic area code | e-uk-en |
| -- | e-uk-wl |
| 082 04 - DEWEY DECIMAL CLASSIFICATION NUMBER | |
| Classification number | 346.42022 |
| Item number | FUR |
| Edition number | 22 |
| 100 1# - MAIN ENTRY--PERSONAL NAME | |
| Personal name | Furmston, M. P. |
| 245 10 - TITLE STATEMENT | |
| Title | Cheshire, Fifoot and Furmston's law of contract / |
| Statement of responsibility, etc | M. P. Furmston ; historical introduction, David Ibbetson. |
| 246 14 - VARYING FORM OF TITLE | |
| Title proper/short title | Cheshire, Fifoot & Furmston's law of contract |
| 246 3# - VARYING FORM OF TITLE | |
| Title proper/short title | Law of contract |
| 250 ## - EDITION STATEMENT | |
| Edition statement | 17th ed. |
| 260 ## - PUBLICATION, DISTRIBUTION, ETC. (IMPRINT) | |
| Place of publication, distribution, etc | Oxford : |
| Name of publisher, distributor, etc | Oxford University Press, |
| Date of publication, distribution, etc | c.2017. |
| 300 ## - PHYSICAL DESCRIPTION | |
| Extent | lx, 832 p. ; |
| Dimensions | 25 cm. |
| 504 ## - BIBLIOGRAPHY, ETC. NOTE | |
| Bibliography, etc | Includes bibliographical references and index. |
| 505 0# - FORMATTED CONTENTS NOTE | |
| Formatted contents note | Historical introduction -- Som factors affecting modern contract law -- The phenomena of agreement -- Consideration -- Intention to create legal relations -- The contents of the contract -- Unenforceable contracts -- Mistake -- Misrepresentation, duress, and undue influence -- Contracts rendered void by statute -- Contracts illegal by statute or at common law -- Contracts void at common law on grounds of public policy -- Capacity of parties -- Privity of contract -- Privity of contract under the law of agency -- The voluntary assignment of contractual rights and liabilities -- The involuntary assignment of contractual rights and liabilities -- Performance and breach -- Discharge by agreement -- Discharge under the doctrine of frustration -- Remedies for breach of contract. |
| 650 #7 - SUBJECT ADDED ENTRY--TOPICAL TERM | |
| Topical term or geographic name as entry element | Contracts |
| Geographic subdivision | England. |
| Source of heading or term | BUEsh |
| 9 (RLIN) | 23175 |
| 650 #7 - SUBJECT ADDED ENTRY--TOPICAL TERM | |
| Topical term or geographic name as entry element | Contracts |
| Geographic subdivision | Wales. |
| Source of heading or term | BUEsh |
| 651 ## - SUBJECT ADDED ENTRY--GEOGRAPHIC NAME | |
| Source of heading or term | BUEsh |
| 653 ## - INDEX TERM--UNCONTROLLED | |
| Resource For college | Law |
| Arrived date list | November2017 |
| 655 ## - INDEX TERM--GENRE/FORM | |
| Form subdivision | Reading book |
| -- | 34232 |
| 700 1# - ADDED ENTRY--PERSONAL NAME | |
| Personal name | Cheshire, G. C. |
| Fuller form of name | (Geoffrey Chevalier), |
| Dates associated with a name | 1886-1978. |
| 700 1# - ADDED ENTRY--PERSONAL NAME | |
| Personal name | Fifoot, C. H. S. |
| Fuller form of name | (Cecil Herbert Stuart), |
| Dates associated with a name | 1899-1975. |
| 700 1# - ADDED ENTRY--PERSONAL NAME | |
| Personal name | Ibbetson, David, |
| Relator term | author of introduction, etc. |
| 942 ## - ADDED ENTRY ELEMENTS (KOHA) | |
| Source of classification or shelving scheme | Dewey Decimal Classification |
| Withdrawn status | Item status | Source of classification or shelving scheme | Damaged status | Not for loan | Vendor | Home library | Current library | Shelving location | Date acquired | Source of acquisition | Cost, normal purchase price | Total Checkouts | Total Renewals | Full call number | Barcode | Date last seen | Date last borrowed | Koha item type |
|---|---|---|---|---|---|---|---|---|---|---|---|---|---|---|---|---|---|---|
| Dewey Decimal Classification | Baccah | Central Library | Central Library | First floor | 14/11/2017 | Purchase | 1050.00 | 3 | 14 | 346.42022 FUR | 000046859 | 15/07/2025 | 14/03/2024 | Book - Borrowing | ||||
| Dewey Decimal Classification | Baccah | Central Library | Central Library | First floor | 14/11/2017 | Purchase | 1050.00 | 5 | 4 | 346.42022 FUR | 000046860 | 15/07/2025 | 14/03/2024 | Book - Borrowing | ||||
| Dewey Decimal Classification | Baccah | Central Library | Central Library | First floor | 14/11/2017 | Purchase | 1050.00 | 4 | 10 | 346.42022 FUR | 000046861 | 26/11/2025 | 19/11/2025 | Book - Borrowing |